Švédsky školský systém poznatky zo študijnej cesty Arion v rámci programu Sokrates

Charakteristika švédskeho štátneho školského systému. Základný princíp školstva - rovnosť prístupu k vzdelaniu. Účasť švédskej vlády k podporovaniu princípu rovnosti prístupu k vedomostiam. Predškolská výchova. Povinná základná škola. Profilovanie a výber školy. Stupne hodnotenia v rámci povinnej šk...

Ausführliche Beschreibung

Gespeichert in:
Bibliographische Detailangaben
1. Verfasser: Drobná, Daniela
Format: Buchkapitel
Sprache:Slowakisch
Schlagworte:
Tags: Tag hinzufügen
Keine Tags, Fügen Sie das erste Tag hinzu!

MARC

LEADER 00000naa a2200000 4500
001 r036320
005 20230927094937.1
041 0 |a slo 
044 |a SK 
245 1 0 |a Švédsky školský systém  |b poznatky zo študijnej cesty Arion v rámci programu Sokrates  |c Daniela Drobná 
520 |a Charakteristika švédskeho štátneho školského systému. Základný princíp školstva - rovnosť prístupu k vzdelaniu. Účasť švédskej vlády k podporovaniu princípu rovnosti prístupu k vedomostiam. Predškolská výchova. Povinná základná škola. Profilovanie a výber školy. Stupne hodnotenia v rámci povinnej školskej dochádzky. Stredoškolské vzdelávanie. Vzdelávanie dospelých. Národné programy. 
610 2 0 |a vzdelávanie 
610 2 0 |a vzdelávanie ďalšie 
610 2 0 |a školstvo 
610 2 0 |a Švédsko 
610 2 0 |a vzdelanie 
610 2 0 |a programy 
610 2 0 |a SOKRATES 
610 2 0 |a školy 
610 2 0 |a kvalifikácia 
100 1 |a Drobná, Daniela